|
|
|
|
| LEADER |
00000nam0a2200000 4500 |
| 001 |
314105 |
| 005 |
20231102002638.0 |
| 035 |
|
|
|a (RuTPU)RU\TPU\book\339516
|
| 090 |
|
|
|a 314105
|
| 100 |
|
|
|a 20160208d1975 km y0rusy50 ca
|
| 101 |
0 |
|
|a rus
|
| 102 |
|
|
|a RU
|
| 105 |
|
|
|a y z 000zy
|
| 200 |
1 |
|
|a Объем и нормы испытания электрооборудования
|e [сборник]
|f СССР, Министерство энергетики и электрификации (Минэнерго), Главное техническое управление по эксплуатации энергосистем
|
| 210 |
|
|
|a Москва
|c Энергия
|d 1975
|
| 215 |
|
|
|a 224 с.
|
| 606 |
1 |
|
|a Электрооборудование высоковольтное
|2 stltpush
|3 (RuTPU)RU\TPU\subj\20613
|9 45707
|
| 610 |
1 |
|
|a изоляция
|
| 610 |
1 |
|
|a испытания
|
| 610 |
1 |
|
|a генераторы
|
| 610 |
1 |
|
|a компенсаторы
|
| 610 |
1 |
|
|a электродвигатели
|
| 610 |
1 |
|
|a трансформаторы
|
| 610 |
1 |
|
|a выключатели
|
| 610 |
1 |
|
|a разъединители
|
| 610 |
1 |
|
|a отделители
|
| 610 |
1 |
|
|a электрофильтры
|
| 610 |
1 |
|
|a разрядники
|
| 610 |
1 |
|
|a кабельные линии
|
| 610 |
1 |
|
|a воздушные линии
|
| 610 |
1 |
|
|a инструкции
|
| 610 |
1 |
|
|a нормы
|
| 675 |
|
|
|a 621.31.027.3
|v 4
|
| 712 |
0 |
1 |
|a СССР
|b Министерство энергетики и электрификации (Минэнерго)
|b Главное техническое управление по эксплуатации энергосистем
|c (1962-1991)
|2 stltpush
|3 (RuTPU)RU\TPU\col\2702
|
| 801 |
|
1 |
|a RU
|b 63413507
|c 20160208
|
| 801 |
|
2 |
|a RU
|b 63413507
|c 20160212
|g RCR
|
| 942 |
|
|
|c BK
|